[Event "Lovsprings op 10th B"]
[Site "Ringsted"]
[Date "1998.05.29"]
[Round "7"]
[White "Dickow, Flemming"]
[Black "Andersson, Martin"]
[Result "1/2-1/2"]
[WhiteElo "1665"]
[BlackElo "1659"]
[PlyCount "82"]
[EventDate "1998.03.13"]
[EventType "swiss"]
[EventRounds "7"]
[EventCountry "DEN"]
[SourceTitle "EXT 2023"]
[Source "ChessBase"]
[SourceDate "2022.10.05"]
[SourceVersion "1"]
[SourceVersionDate "2022.10.05"]
[SourceQuality "1"]

1. e4 g6 2. d4 Bg7 3. Nc3 d6 4. f4 Nf6 5. Nf3 0-0 6. Be3 b6 7. Bd3 Bb7 8. 0-0 Nbd7 9. f5 gxf5 10. exf5 c5 11. Qe1 Ng4 12. Bd2 cxd4 13. Ne4 Nge5 14. f6 Nxf6 15. Nxf6+ exf6 16. Bf5 Ng6 17. Nxd4 Qe8 18. Qf2 Qe5 19. Rfe1 Qc5 20. c3 Rfe8 21. Qg3 Re5 22. b4 Qd5 23. Rf1 a5 24. b5 Kh8 25. Rf2 Rg8 26. Qh3 Rge8 27. Rf4 a4 28. a3 h6 29. Rf2 Ne7 30. Bd7 Rd8 31. Bxh6 Rh5 32. Bxg7+ Kxg7 33. Be6 fxe6 34. Nxe6+ Kh7 35. Nf4 Rxh3 36. Nxd5 Nxd5 37. gxh3 Rg8+ 38. Kf1 Nxc3 39. Re1 Rg7 40. Re6 Nxb5 41. Rexf6 Bd5 1/2-1/2

[Event "Lovsprings op 08th C"]
[Site "Ringsted"]
[Date "1996.03.29"]
[Round "4"]
[White "Birk, Birger"]
[Black "Andersson, Martin"]
[Result "1-0"]
[WhiteElo "1543"]
[BlackElo "1611"]
[PlyCount "85"]
[EventDate "1996.03.08"]
[EventType "swiss"]
[EventRounds "7"]
[EventCountry "DEN"]
[SourceTitle "EXT 2023"]
[Source "ChessBase"]
[SourceDate "2022.10.05"]
[SourceVersion "1"]
[SourceVersionDate "2022.10.05"]
[SourceQuality "1"]

1. e4 c6 2. d3 d5 3. Nd2 dxe4 4. dxe4 Nf6 5. Ngf3 Bg4 6. Bc4 e6 7. c3 Nbd7 8. 0-0 Ne5 9. Qb3 Bxf3 10. Nxf3 Nxf3+ 11. gxf3 Qb6 12. Qc2 Be7 13. b4 0-0 14. Be3 Qc7 15. a4 c5 16. b5 b6 17. Kg2 Nh5 18. Rg1 Bd6 19. Rad1 Nf4+ 20. Kh1 Ng6 21. Rg4 Ne5 22. Rdg1 Nxg4 23. Rxg4 g6 24. h4 h5 25. Rg2 Be7 26. f4 Bf6 27. f5 Qe5 28. fxg6 Kg7 29. f4 Qxc3 30. gxf7+ Kxf7 31. Qe2 Rh8 32. f5 Ke7 33. Bxe6 Qa1+ 34. Rg1 Qxa4 35. Bg5 Bxg5 36. Rxg5 Rhg8 37. Rxg8 Rxg8 38. Bxg8 Qa1+ 39. Kh2 Qe5+ 40. Kg1 Qg7+ 41. Qg2 Qd4+ 42. Kh2 Qe5+ 43. Kh3 1-0

[Event "Lovsprings op 08th C"]
[Site "Ringsted"]
[Date "1996.03.15"]
[Round "2"]
[White "Andersson, Martin"]
[Black "Kroyer, Stefan M"]
[Result "0-1"]
[WhiteElo "1611"]
[BlackElo "1497"]
[PlyCount "122"]
[EventDate "1996.03.08"]
[EventType "swiss"]
[EventRounds "7"]
[EventCountry "DEN"]
[SourceTitle "EXT 2023"]
[Source "ChessBase"]
[SourceDate "2022.10.05"]
[SourceVersion "1"]
[SourceVersionDate "2022.10.05"]
[SourceQuality "1"]

1. e4 c6 2. d4 d5 3. Nd2 dxe4 4. Nxe4 Bf5 5. Ng3 Bg6 6. c3 e6 7. Bd3 Bxd3 8. Qxd3 Nd7 9. N1e2 Ngf6 10. Bf4 Be7 11. 0-0 Nd5 12. Ne4 Nxf4 13. Nxf4 Nf6 14. Nxf6+ Bxf6 15. Nh5 0-0 16. Qg3 g6 17. Nxf6+ Qxf6 18. Rfe1 Rfd8 19. Re3 Qf5 20. Rae1 Qb5 21. R1e2 c5 22. Rd2 cxd4 23. cxd4 Qb4 24. Red3 Rac8 25. h4 Rc1+ 26. Kh2 Rc4 27. Qe3 Qd6+ 28. g3 Qd5 29. Qg5 Rc1 30. Qxd5 Rxd5 31. Rc3 Rxc3 32. bxc3 b5 33. Re2 Kf8 34. Re5 Rxe5 35. dxe5 Ke7 36. Kg2 Kd7 37. Kf3 Kc6 38. Ke4 Kc5 39. Kd3 b4 40. c4 a6 41. g4 h6 42. f3 a5 43. f4 a4 44. h5 gxh5 45. gxh5 b3 46. a3 b2 47. Kc2 Kxc4 48. Kxb2 Kd3 49. Kc1 Kc3 50. Kd1 Kb3 51. Kd2 Kxa3 52. Kc3 Ka2 53. Kc2 a3 54. Kc1 Kb3 55. Kb1 Kc4 56. Ka2 Kd4 57. Kxa3 Ke4 58. Kb3 Kxf4 59. Kc3 Kxe5 60. Kd3 f5 61. Ke3 Kf6 0-1

[Event "Lovfalds 09th C"]
[Site "Ringsted"]
[Date "1995.09.09"]
[Round "2"]
[White "Nielsen, Kurt"]
[Black "Andersson, Martin"]
[Result "0-1"]
[WhiteElo "1335"]
[BlackElo "1386"]
[PlyCount "56"]
[EventDate "1995.09.08"]
[EventType "tourn"]
[EventRounds "5"]
[EventCountry "DEN"]
[SourceTitle "EXT 2023"]
[Source "ChessBase"]
[SourceDate "2022.10.05"]
[SourceVersion "1"]
[SourceVersionDate "2022.10.05"]
[SourceQuality "1"]

1. d4 Nf6 2. c4 g6 3. Nc3 Bg7 4. e4 d6 5. f3 0-0 6. Be3 Nbd7 7. Nge2 c5 8. d5 Nb6 9. Ng3 a5 10. Qd2 Re8 11. Bd3 Qc7 12. 0-0-0 Bd7 13. Kb1 Na4 14. Nxa4 Bxa4 15. Rc1 Reb8 16. b3 b5 17. h4 bxc4 18. Bxc4 Be8 19. Kc2 a4 20. Kd1 Nd7 21. Ke1 Ne5 22. Ne2 Qa5 23. Qxa5 Rxa5 24. Bd2 Ra7 25. Rc2 Nxc4 26. bxc4 a3 27. Kf2 Rb2 28. Rhc1 Ba4 0-1